000 00735nam a2200253Ia 4500
003 OSt
005 20220923224754.0
006 a|||||r|||| 00| 0
007 ta
008 220922b |||||||| |||| 00| 0 hin d
024 _a249,942
037 _cTextual
040 _aARTS
_cARTS
_bhin
041 _2hin
_ahin
082 _aO152,1:g(S:55), M5
100 _aशर्मा
245 0 _aभारतीय प्रेमाख्यान काव्य
246 _aBhāratīya premākhyān kāvya
260 _c1982
300 _a480पृ.
_ccm.
650 _aहिन्दी साहित्य
_9156264
942 _hO152,1:g(S:55), M5
_cTEXL
_2CC
999 _c373560
_d373560